000
00351pab a2200157 454500
008
180718b1996 xxu||||| |||| 00| 0 eng d
100
_a
Pal, Samir
245
_a
Pollution
_b
the looming danger.
260
_c
1996
300
_a
p.31-32
362
_a
Jul
650
_a
Pollution - India
650
_a
Pollution
773
_a
Yojana
909
_a
31651
999
_c
31651
_d
31651